Регионална библиотека "Любен Каравелов" - Русе

Взривената въздушна кула (Запис номер 455107)

MARC детайли
000 -Лидер
Контролно поле с фиксирана дължина nam a22 a 4500
003 - Код на организацията, давaща контролен номер
Контролно поле BLK
005 - Дата и час на последна редакция
Контролно поле 20220511143253.0
008 - Елементи от данни с фиксирана дължина
fixed length control field 180413b bul|||||r ||||||| ||bul||
020 ## - Международен стандартен номер на книга ISBN
Международен стандартен номер на книга ISBN 9786190208655
040 ## - Източник на каталожния запис
Идентификатор на билиотеката - собственик на записа BLK
041 ## - Код за език
Код за езика на текст/звукозапис или на отделно заглавие Български
Код за езика КДБФ Български
072 #7 - Код за тематичната категория
Код организация bullib
Код за тематична категория Н83
Текст Чужда художествена литература Н
080 ## - УДК
Текстов определител УДК Шведска литература
УДК код - определител по УДК 821.113.6
УДК определител -312.4
УДК - код + определител 821.113.6-312.4
100 1# - Редна дума - Автор
Автор Ларшон, Стиг
Авторска отговорност първи автор
R(LIN) 87755
139 ## - Редно поле
Редна дума Ларшон, Стиг
Авторски знак Лар - Л 25
240 ## - Унифицирано заглавие
Унифицирано заглавие Luftslottet som sprаngdes
245 10 - Сведения за заглавието
Заглавие Взривената въздушна кула
Подзаглавни данни Роман
Редно поле (дума) Стиг Ларшон; прев. от швед. Васа Ганчева
250 ## - Област на изданието
Сведения за изданието 2. изд.
257 ## - Страна на издаване
Страна на създаване/издаване Швеция
260 ## - Област на издателските данни
Място на издаване, разпространение и проч. София
Име на издателя, разпространителя и проч. Колибри
Година на издаване 2021
Печатница София : Инвестпрес
300 ## - Физическа характеристика
Страници 672 с.
Размери/Мащаб 20 см
380 ## - Жанр
Жанр Худож. лит.
500 ## - Общи забележки
Забележка Ориг. загл.: Luftslottet som sprängdes / Stieg Larsson<br/>1. изд. 2010<br/>Биогр. данни за авт. отбелязани на 2-ра кор.<br/>Ч. 3 от трилогията Милениум
700 ## - Други автори (авторска отговорност)
Лично име Ганчева, Васа Лалева
Автороска отговорност (Описва отношението между автора и произведението) прев. от швед.
9 (RLIN) 377629
852 ## - Местоположение
Форматна сигнатура Цб 312355
Фондова буква Хранилище
856 4# - Електронен адрес и достъп
Електронен формат pdf - файл
Път до файла /url/
856 4# - Електронен адрес и достъп
Електронен формат pdf - файл
Път до файла /url/
999 ## - СИСТЕМНИ КОНТРОЛНИ НОМЕРА
Koha biblionumber 455107
Koha biblioitemnumber 455107
942 ## - АРТИКУЛИ
Вид на библиотечния материал Книги
Скрит в OPAC Не
Периодичен библиозапис Да
944 ## - СЪЗДАВАНЕ И РЕДАКЦИЯ на ЗАПИСА
Създаване/Редакция Създаване
Служител, извършил регистрацията/редакцията К.Д.
Дата на регистрацията/редакция 2022-05-11
Наличности
Код за отписване Код за изгубен артикул Източник на класификационната схема Код за повреда Коз за рестрикции Код за отдаване Артикулен № Име на библиотеката - собственик Име на библиотеката, в която се намира в момента Статус (Текущо местоположение) Дата на вписване в системата Местоположение - отдел Цена в лева Систематично азбучна сигнатура Баркод Цена в евро Служебен тип на артикула
  Не е изгубен Universal Decimal Classification Не е повреден само за читалня ползва се в читалня 883796 Регионална библиотека "Любен Каравелов" Русе Регионална библиотека "Любен Каравелов" Русе Хранилище 2022-05-12 Хранилище 20.00 Цб 312355 120000871845 10.23 Книги
Vip Innovations Ltd, Rousse, Bulgaria 2025